000 01537nam a2200493 i 4500
001 28101
003 KOSZ 005
005 20210521124431.0
008 981118s1985 pl a |000 0 pol
015 _aUWD 1985/5554
020 _a8301035536
035 _a991008255329705066
035 _a(PL-WaBN)b12127255-48omnis_nlop
035 _ab12127255
035 _a(OCoLC)830181830
035 _azz2002915234
035 _a(PL)b0000001212725
035 _a(EXLNZ-48OMNIS_NETWORK)9910156433105606
040 _aWA N
_cWA N
_dKOSZ 005/HR
041 0 _apol
046 _k1985
080 _a613.86
080 _a159.9
245 0 0 _aZdrowie psychiczne /
_cpod red. Kazimierza Dąbrowskiego.
250 _aWyd. 3.
260 _aWarszawa :
_bPaństwowe Wydawnictwo Naukowe,
_c1985.
300 _a514, [2] s. :
_brys. ;
_c21 cm.
336 _aTekst
_btxt
_2rdacontent
337 _aBez urządzenia pośredniczącego
_bn
_2rdamedia
338 _aWolumin
_bnc
_2rdacarrier
380 _aKsiążki
388 _a1901-2000
388 _a1945-1989
504 _aBibliogr. przy rozdz.
650 7 _aHigiena psychiczna
_2DBN
650 2 _aZdrowie psychiczne
658 _aMedycyna i zdrowie
658 _aPsychologia
700 1 _aDąbrowski, Kazimierz
_d(1902-1980)
_eRedakcja
710 2 _aPaństwowe Wydawnictwo Naukowe
_4pbl
856 _uhttp://koha.tu.koszalin.pl/cgi-bin/koha/opac-detail.pl?biblionumber=28101
_yKatalog online BPK
942 _2UKD
_cKS
999 _c28101
_d28101